Managment Accounting (Record no. 2726)

MARC details
000 -LEADER
fixed length control field 00476nam a2200145 4500
020 ## - INTERNATIONAL STANDARD BOOK NUMBER
ISBN 0706998979
050 ## - CALL NUMBER
Classification number HF 5657
Item number .P19
100 ## - AUTHOR
Personal name I.M.Pandey
245 ## - TITLE
Title Managment Accounting
250 ## - EDITION
Edition statement Third revised edition
260 ## - PUBLICATION INFORMATION
Place of publication New Delhi
Name of publisher Vikas Publishing House PVT Ltd
Year of publication 1994
300 ## - DESCRIPTION
Number of Pages xiii, 607 p
505 ## - FORMATTED CONTENTS NOTE
Table of Content Introduction<br/>Managerial uses of financial statements<br/>Accounting for planning<br/>Accounting for control<br/>Accounting for decision making<br/>
942 ## - ADDED ENTRY ELEMENTS (KOHA)
Koha item type Books
Holdings
Withdrawn status Lost status Home library Current library Shelving location Date acquired Full call number Accession Number Koha item type
    Methodist University Library Main Methodist University Library Main General Stacks 01/10/2004 HF 5657 .P19 24930 Books
Copyright © 2026  MUG Library